000 00298nam a22001457a 4500
008 230719b ||||| |||| 00| 0 eng d
020 _a0521212413
041 _aeng
080 _a53
082 _a53SMI
100 _a20
101 _aFIZIK
245 _aPULSARS
_cSMITH .G .F
942 _2udc
_cBK
999 _c60170
_d60170